Existuje svetlá budúcnosť pre krajiny južnej dimenzie Európskej susedskej politiky?

Vznik a budúcnosť Európskej susedskej politiky. Nový dôraz na diferenciáciu [Európskej] susedskej politiky na základe potrieb a želaní jednotlivých partnerských krajín. V ďalších rokoch určite nenastane raketový nástup prosperujúcich krajín južnej dimenzie, skôr vlažné partnerstvo...

Ausführliche Beschreibung

Gespeichert in:
Bibliographische Detailangaben
1. Verfasser: Štubniak, Marek
Format: Buchkapitel
Sprache:Slowakisch
Schlagworte:
Tags: Tag hinzufügen
Keine Tags, Fügen Sie das erste Tag hinzu!

MARC

LEADER 00000nla$a2200000$$$4500
001 0147567
005 20240502072650.3
041 0 |a slo 
044 |a SK 
245 1 0 |a Existuje svetlá budúcnosť pre krajiny južnej dimenzie Európskej susedskej politiky?  |c Marek Štubniak 
520 |a Vznik a budúcnosť Európskej susedskej politiky. Nový dôraz na diferenciáciu [Európskej] susedskej politiky na základe potrieb a želaní jednotlivých partnerských krajín. V ďalších rokoch určite nenastane raketový nástup prosperujúcich krajín južnej dimenzie, skôr vlažné partnerstvo, kedy si krajiny na oboch stranách nebudú môcť jasne predikovať budúce kroky ich partnerov. Na základe týchto javov sa budúcnosť v tejto oblasti javí skôr hmlistá ako svetlá. 
610 2 0 |a Európska únia 
610 2 0 |a politika zahraničná 
610 2 0 |a politika zahraničnohospodárska 
610 2 0 |a Stredomorie 
610 2 0 |a Blízky východ 
100 1 |a Štubniak, Marek